000 00709nam a2200181 a 4500
008 120416s1995 ||||||||||||||||| || u
020 _a0750618647
050 _aTP 1120 Bry
100 _aBrydson, J. A
245 1 0 _aPlastics materials
250 _a6th ed.
260 _aOxford
_bButterworth-Heinemann
_c1995
300 _axxvii, 896p. : ill.
350 _a0.00
650 _aPLASTICS
995 _aANNEX COLLECTION (Main Library)
_D0.00
_e730560
_FCBU-MAIN LIBRARY (Kitwe)
_H2
_I0.00
_jTP 1120 Bry
_M2
_UAVAILABLE
_y027522
_ZAnnex Low-Usage Collection
995 _aMAIN LIBRARY OPEN ACCESS
_D0.00
_e731121
_FCBU-MAIN LIBRARY (Kitwe)
_H1
_I0.00
_jTP 1120 Bry
_M1
_UAVAILABLE
_y028055
_ZMain Library Open Access Collection
999 _c81987
_d81987